Αλγεβρα : Β' ενιαίου λυκείου

Saved in:
Bibliographic Details
Corporate Author: Υπουργείο Εθνικής Παιδείας και Θρησκευμάτων Παιδαγωγικό Ινστιτούτο
Other Authors: Ανδρεαδάκης, Στυλιανός Α., 1933-
Format: Book
Language:Greek
Published: Αθήνα : Οργανισμός Εκδόσεως Διδακτικών Βιβλίων, 1999.
Subjects:
Tags: Add Tag
No Tags, Be the first to tag this record!

MARC

LEADER 00000cam a2200000 i 4500
001 1/101697
008 000214s1999 gr | ||| |||| ||gre||
020 |a 960060357X 
035 |l 10057790 
040 |a GR-MyUA  |b gre  |e AACR2 
041 0 |a gre 
082 0 |a 512.007  |2 (21) 
245 1 0 |a Αλγεβρα :   |b Β' ενιαίου λυκείου /   |c Σ. Ανδρεαδάκης ... [κ α.].  
260 |a Αθήνα :   |b Οργανισμός Εκδόσεως Διδακτικών Βιβλίων,   |c 1999.  
300 |a 177 σ. ;   |c 24 εκ.  
504 |a Περιέχει υποδείξεις και απαντήσεις των ασκήσεων.  
650 0 0 |a Algebra  |x Study and teaching (Secondary)  |z Greece. 
700 1 |a Ανδρεαδάκης, Στυλιανός Α.,   |d 1933- 
710 2 |a Υπουργείο Εθνικής Παιδείας και Θρησκευμάτων  |b Παιδαγωγικό Ινστιτούτο. 
852 |a INST  |b SAMOS  |e 20000214  |h 512.007 ΑΛΓ  |p 005300015669  |q 005300015669  |t BK  |y 23 
852 |a INST  |b SAMOS  |e 20000214  |h 512.007 ΑΛΓ  |p 005300015670  |q 005300015670  |t BK  |y 0 
852 |a INST  |b SAMOS  |e 20000214  |h 512.007 ΑΛΓ  |p 005300015671  |q 005300015671  |t BK  |y 0 
852 |a INST  |b SAMOS  |e 20050322  |h 512.007 ΑΛΓ  |p 005300025285  |q 005300025285  |t BK  |y 0 
901 |a BIBL3-2005-1 
901 |a BIBL3-2000-1 
909 |a Σ  |b 114392 
909 |a Σ  |b 057979 
909 |a Σ  |b 057980 
909 |a Σ  |b 057981 
920 |a ΛΥΚΕΙΟ ΚΑΡΛΟΒΑΣΟΥ  |y Σάμος  |z 2005-03 
920 |a ΛΥΚΕΙΟ ΚΑΡΛΟΒΑΣΟΥ  |y Σάμος  |z 2000-02 
970 |a ΠΟΥΡΝΑΡΑΣ  |b ΔΗΜΗΤΡΗΣ  |z 2000/02/14